LAPORAN TAHUNAN / (Record no. 199980)

MARC details
000 -LEADER
fixed length control field 01136nas a2200301 i 4500
005 - DATE AND TIME OF LATEST TRANSACTION
control field 20250714124449.0
008 - FIXED-LENGTH DATA ELEMENTS--GENERAL INFORMATION
fixed length control field 250714s2023 my ar p ry|||o000 eng d
022 ## - INTERNATIONAL STANDARD SERIAL NUMBER
International Standard Serial Number 3009-1160
040 ## - CATALOGING SOURCE
Original cataloging agency PPAK
Language of cataloging eng
Transcribing agency PPAK
Description conventions rda
082 04 - DEWEY DECIMAL CLASSIFICATION NUMBER
Edition number 23
Classification number 354.7509595
090 00 - LOCALLY ASSIGNED LC-TYPE CALL NUMBER (OCLC); LOCAL CALL NUMBER (RLIN)
Classification number (OCLC) (R) ; Classification number, CALL (RLIN) (NR) 354.7509595
Local cutter number (OCLC) ; Book number/undivided call number, CALL (RLIN) MAL
Feature heading R
110 1# - MAIN ENTRY--CORPORATE NAME
Corporate name or jurisdiction name as entry element Malaysia.
Subordinate unit Kementerian Komunikasi dan Digital,
Relator term issuing body.
222 #0 - KEY TITLE
Key title Laporan Tahunan
Qualifying information (Putrajaya)
245 10 - TITLE STATEMENT
Title LAPORAN TAHUNAN /
Statement of responsibility, etc. KEMENTERIAN KOMUNIKASI DAN DIGITAL
264 #1 - PRODUCTION, PUBLICATION, DISTRIBUTION, MANUFACTURE, AND COPYRIGHT NOTICE
Place of production, publication, distribution, manufacture Putrajaya :
Name of producer, publisher, distributor, manufacturer KEMENTERIAN KOMUNIKASI DAN DIGITAL
300 ## - PHYSICAL DESCRIPTION
Extent volumes :
Other physical details colour charts, colour photographs ;
Dimensions 26 cm
310 ## - CURRENT PUBLICATION FREQUENCY
Current publication frequency Yearly
336 ## - CONTENT TYPE
Content type term text
Source rdacontent
337 ## - MEDIA TYPE
Source rdamedia
Media type term unmediated
338 ## - CARRIER TYPE
Source rdacarrier
Carrier type term volume
500 ## - GENERAL NOTE
General note Available at PPAK:<br/>- 2023
610 14 - SUBJECT ADDED ENTRY--CORPORATE NAME
Corporate name or jurisdiction name as entry element Malaysia.
Subordinate unit Kementerian Komunikasi dan Digital
Form subdivision Periodicals
650 10 - SUBJECT ADDED ENTRY--TOPICAL TERM
Topical term or geographic name entry element Communication policy
Geographic subdivision Malaysia
Form subdivision Periodicals
Topical term or geographic name entry element Multimedia communications
Geographic subdivision Malaysia
Form subdivision Periodicals
Topical term or geographic name entry element Telecommunication
Geographic subdivision Malaysia
Form subdivision Periodicals
Topical term or geographic name entry element Government publications
Geographic subdivision Malaysia
Form subdivision Periodicals
942 ## - ADDED ENTRY ELEMENTS (KOHA)
Source of classification or shelving scheme Dewey Decimal Classification
Koha item type Serial
Holdings
Withdrawn status Lost status Source of classification or shelving scheme Damaged status Not for loan Home library Current library Shelving location Date acquired Source of acquisition Cost, normal purchase price Serial Enumeration / chronology Total Checkouts Full call number Barcode Date last seen Cost, replacement price Price effective from Koha item type
  In process Dewey Decimal Classification   Not For Loan Perpustakaan Alor Setar Perpustakaan Alor Setar R 27/07/2025 Hadiah 0.00 2023   R 354.7509595 MAL H00000083 27/07/2025 10.00 27/07/2025 Serial